000 00865nam a2200253Ia 4500
003 OSt
005 20220927115116.0
006 a|||||r|||| 00| 0
007 ta
008 220926b |||||||| |||| 00| 0 eng d
024 _a195003
037 _cThesis and Dissertations
040 _aRTL
_cRTL
_beng
041 _2eng
_aeng
082 _a"XM5,65:76.2, P9/TH"
100 _aMITRA Mamta
_9391187
245 0 _aEffect of bond rating on share prices
_b A study of select Indian companies.
260 _a"Delhi,"
_bUniversity of Delhi.
_c2009
300 _a"v,346p. Bib: p 339-345"
_ccm.
490 _a"University of Delhi, Commerce (Deptt.of-),Thesis. Thesis, University of Delhi, Commerce (Deptt.of-"
500 _aAppendix: p 302-338
942 _h"XM5,65:76.2, P9/TH"
_cCC
999 _c706240
_d706240